000 00965cam a2200265 a 4500
999 _c12872
_d12872
003 OSt
005 20240730160521.0
008 940331s1994 nyu b 000 0 eng
010 _a 94013665
020 _a0070064555 (hc : acidfree paper) :
_c$39.95
040 _aDLC
_cDLC
_dDLC
050 0 0 _aHF5718
_b.B654 1994
082 0 0 _a651.7/3
_220
100 1 _aBooher, Dianna Daniels.
245 1 0 _aCommunicate with confidence! :
_bhow to say it right the first time and every time /
_cDianna Booher.
260 _aNew York :
_bMcGraw-Hill,
_cc1994.
300 _axv, 413 p. ;
_c24 cm.
504 _aIncludes bibliographical references (p. 401-412).
650 0 _aBusiness communication.
650 0 _aOral communication.
650 0 _aInterpersonal communication.
856 4 2 _3Publisher description
_uhttp://www.loc.gov/catdir/description/mh022/94013665.html
856 4 1 _3Table of contents
_uhttp://www.loc.gov/catdir/toc/mh022/94013665.html
942 _2ddc